| 000 | 00753nam a2200193Ia 4500 | ||
|---|---|---|---|
| 003 | Ost | ||
| 005 | 20260507075119.0 | ||
| 008 | 260507s9999||||xx |||||||||||||| ||und|| | ||
| 020 | _a9773275329 | ||
| 040 | _cfsecg | ||
| 041 | _aara | ||
| 100 |
_aالمرسي، كمال الدين عبد الغني _eمؤلف |
||
| 245 | 0 |
_aالخروج من فخ العولمة / _c كمال الدين عبد الغني المرسي |
|
| 260 |
_aالاسكندرية: _bدار الوفاء لدنيا الطباعة والنشر, _c2005 |
||
| 300 |
_a231 صفحة؛ _c24 سم |
||
| 504 | _aالنشأة واستراتيجية الهيمنة، الخروج من فخ العولمة، نحو عولمة سعيدة | ||
| 653 | _aالعولمة | ||
| 942 | _cكتاب | ||
| 999 |
_c43059 _d43059 |
||